[Event "TUR-ch op"]
[Site "Antalya"]
[Date "2008.02.08"]
[Round "9.52"]
[White "Sungur, Kadir"]
[Black "Bagci, Hikmet"]
[Result "1-0"]
[WhiteElo "1609"]
[BlackElo "1983"]
[PlyCount "127"]
[EventDate "2008.02.04"]
[EventType "swiss"]
[EventRounds "11"]
[EventCountry "TUR"]
[SourceTitle "CBM 122 Extra"]
[Source "ChessBase"]
[SourceDate "2008.03.04"]
[SourceVersion "1"]
[SourceVersionDate "2008.03.04"]
[SourceQuality "1"]

1. e4 c5 2. Nf3 d6 3. d4 cxd4 4. Nxd4 Nf6 5. Nc3 g6 6. Be3 Bg7 7. Be2 0-0 8. Qd2 Nc6 9. Nb3 Ng4 10. Bxg4 Bxg4 11. Bh6 Rc8 12. Bxg7 Kxg7 13. f3 Be6 14. h4 h5 15. 0-0-0 Bxb3 16. cxb3 Qa5 17. Kb1 Ne5 18. Qd4 Qc5 19. Qa4 e6 20. Rd2 Rc6 21. Rhd1 Rfc8 22. Qd4 f6 23. Qxc5 dxc5 24. Nb5 Ra8 25. f4 Nf7 26. Rd7 Kf8 27. Rxb7 a6 28. Nc3 Re8 29. Rdd7 Nd8 30. Ra7 e5 31. Rh7 Kg8 32. Rag7+ Kf8 33. Rxg6 exf4 34. Rxh5 Kf7 35. Rg4 Re5 36. Rh7+ Ke6 37. Rxf4 f5 38. Rh6+ Kd7 39. Rxc6 Nxc6 40. Rxf5 Rxf5 41. exf5 Nd4 42. g4 Nf3 43. h5 Ne5 44. g5 Nf7 45. Ne4 Ke7 46. Kc2 Kf8 47. Kc3 Ne5 48. Nxc5 a5 49. Ne6+ Kf7 50. h6 Kg8 51. g6 a4 52. bxa4 Ng4 53. h7+ Kh8 54. Ng5 Nh6 55. a5 Kg7 56. a6 Nxf5 57. a7 Ne7 58. a8Q Nxg6 59. Qb7+ Kf6 60. Ne4+ Kf5 61. Qd5+ Kf4 62. Kd4 Kf3 63. Qf5+ Ke2 64. Qf2+ 1-0

[Event "TUR-ch op"]
[Site "Antalya"]
[Date "2008.02.07"]
[Round "6.79"]
[White "Sahin, Zekayi"]
[Black "Sungur, Kadir"]
[Result "0-1"]
[WhiteElo "1347"]
[BlackElo "1609"]
[PlyCount "92"]
[EventDate "2008.02.04"]
[EventType "swiss"]
[EventRounds "11"]
[EventCountry "TUR"]
[SourceTitle "CBM 122 Extra"]
[Source "ChessBase"]
[SourceDate "2008.03.04"]
[SourceVersion "1"]
[SourceVersionDate "2008.03.04"]
[SourceQuality "1"]

1. d4 Nf6 2. Nf3 e6 3. Bf4 b6 4. e3 Bb7 5. Be2 Be7 6. h3 Na6 7. c4 c5 8. Nc3 0-0 9. d5 d6 10. g4 Nc7 11. e4 b5 12. e5 dxe5 13. Bxe5 Bd6 14. Nxb5 Nxb5 15. cxb5 exd5 16. Bxd6 Qxd6 17. 0-0 d4 18. Re1 h5 19. Nh2 hxg4 20. Nxg4 Qf4 21. Qd3 Nh5 22. Nh2 Qg5+ 23. Bg4 Nf4 24. Qg3 Qh6 25. Re7 Bd5 26. h4 c4 27. Rae1 Nd3 28. Rb1 Qf6 29. Rd7 Rfd8 30. Nf3 Rxd7 31. Bxd7 Qxf3 32. Qxf3 Bxf3 33. a4 Be4 34. Rf1 Nc5 35. Bc6 Bxc6 36. bxc6 Rc8 37. Re1 Rxc6 38. Re7 a6 39. a5 Rd6 40. Re5 d3 41. Rxc5 d2 42. Rc8+ Kh7 43. Rxc4 d1Q+ 44. Kh2 Rg6 45. Kh3 Qf3+ 46. Kh2 Qg2# 0-1

[Event "TUR-ch op"]
[Site "Antalya"]
[Date "2008.02.04"]
[Round "1.32"]
[White "Sungur, Kadir"]
[Black "Kemaloglu, Kadri Yavuz"]
[Result "0-1"]
[WhiteElo "1609"]
[BlackElo "2085"]
[PlyCount "104"]
[EventDate "2008.02.04"]
[EventType "swiss"]
[EventRounds "11"]
[EventCountry "TUR"]
[SourceTitle "CBM 122 Extra"]
[Source "ChessBase"]
[SourceDate "2008.03.04"]
[SourceVersion "1"]
[SourceVersionDate "2008.03.04"]
[SourceQuality "1"]

1. e4 c5 2. Nf3 e6 3. d4 cxd4 4. Nxd4 Nc6 5. Be2 Qc7 6. 0-0 a6 7. Be3 Nf6 8. Nxc6 bxc6 9. Bd3 d5 10. Nd2 Bd6 11. f4 d4 12. Bxd4 Bxf4 13. h3 c5 14. Bc3 Bb7 15. Qe2 e5 16. Nc4 0-0 17. Rf3 Nd7 18. g3 Bh6 19. Raf1 f6 20. h4 Rfe8 21. g4 Re7 22. g5 fxg5 23. Ba5 Qc6 24. Bc3 gxh4 25. Na5 Qc7 26. Bc4+ Kh8 27. Nxb7 Qxb7 28. Bd5 Qa7 29. Bxa8 Qxa8 30. Qxa6 Qe8 31. Qc6 Bf4 32. Rd1 g5 33. Rfd3 Qh5 34. Rxd7 Qg4+ 35. Kf2 Qg3+ 36. Ke2 Qe3+ 37. Kf1 Qf3+ 38. Ke1 Qe3+ 39. Kf1 Qf3+ 40. Ke1 Bg3+ 41. Kd2 Bf4+ 42. Ke1 Qg3+ 43. Ke2 Qg4+ 44. Kf1 Qf3+ 45. Ke1 Bg3+ 46. Kd2 Rxd7+ 47. Qxd7 Bf4+ 48. Ke1 Qxe4+ 49. Kf1 Qf3+ 50. Ke1 Bg3+ 51. Kd2 Qf4+ 52. Ke2 Qe4+ 0-1

[Event "LSS ZL-2007-0-00102"]
[Site "LSS email"]
[Date "2007.01.09"]
[Round "?"]
[White "Hoback, Benjamin"]
[Black "Sungur, Kadir"]
[Result "0-1"]
[WhiteElo "1155"]
[BlackElo "1575"]
[PlyCount "20"]
[EventDate "2007.01.08"]
[EventType "match (corr)"]
[EventRounds "2"]
[EventCountry "GER"]
[SourceTitle "Corr 2015"]
[Source "ChessBase"]
[SourceDate "2015.07.17"]
[SourceVersion "1"]
[SourceVersionDate "2015.07.17"]
[SourceQuality "1"]

1. e4 c5 2. Nf3 Nc6 3. Nc3 g6 4. d4 cxd4 5. Nxd4 Bg7 6. Be3 Nf6 7. Qd2 0-0 8. Nxc6 dxc6 9. 0-0-0 Be6 10. Be2 Qc7 0-1

[Event "LSS OP-2007-0-00220"]
[Site "LSS email"]
[Date "2007.01.09"]
[Round "?"]
[White "Udvari, Norbert"]
[Black "Sungur, Kadir"]
[Result "1-0"]
[WhiteElo "2014"]
[BlackElo "1575"]
[PlyCount "23"]
[EventDate "2007.01.07"]
[EventType "tourn (corr)"]
[EventRounds "4"]
[EventCountry "GER"]
[SourceTitle "Corr 2015"]
[Source "ChessBase"]
[SourceDate "2015.07.17"]
[SourceVersion "1"]
[SourceVersionDate "2015.07.17"]
[SourceQuality "1"]

1. e4 c5 2. f4 Nc6 3. Nf3 d6 4. Nc3 g6 5. Bc4 Bg7 6. 0-0 e6 7. d3 Nge7 8. Qe1 a6 9. a4 d5 10. exd5 exd5 11. Nxd5 0-0 12. Nxe7+ 1-0